Antimilitarism : (Record no. 14896)
[ view plain ]
| 000 -LEADER | |
|---|---|
| fixed length control field | 01607cam a22003134a 4500 |
| 001 - CONTROL NUMBER | |
| control field | 17209618 |
| 005 - DATE AND TIME OF LATEST TRANSACTION | |
| control field | 20170105102906.0 |
| 008 - FIXED-LENGTH DATA ELEMENTS--GENERAL INFORMATION | |
| fixed length control field | 120314s2012 nyu b 000 0 eng |
| 010 ## - LIBRARY OF CONGRESS CONTROL NUMBER | |
| LC control number | 2012009259 |
| 020 ## - INTERNATIONAL STANDARD BOOK NUMBER | |
| International Standard Book Number | 9780230359758 |
| 040 ## - CATALOGING SOURCE | |
| Original cataloging agency | DLC |
| Transcribing agency | DLC |
| Modifying agency | DLC |
| 042 ## - AUTHENTICATION CODE | |
| Authentication code | pcc |
| 050 00 - LIBRARY OF CONGRESS CALL NUMBER | |
| Classification number | JZ5578 |
| Item number | .C63 2012 |
| 082 00 - DEWEY DECIMAL CLASSIFICATION NUMBER | |
| Classification number | 303.6/6 |
| Edition number | 23 |
| 100 1# - MAIN ENTRY--PERSONAL NAME | |
| Personal name | Cockburn, Cynthia. |
| 245 10 - TITLE STATEMENT | |
| Title | Antimilitarism : |
| Remainder of title | political and gender dynamics of peace movements / |
| Statement of responsibility, etc. | Cynthia Cockburn. |
| 260 ## - PUBLICATION, DISTRIBUTION, ETC. | |
| Place of publication, distribution, etc. | New York : |
| Name of publisher, distributor, etc. | Palgrave Macmillan, |
| Date of publication, distribution, etc. | 2012. |
| 300 ## - PHYSICAL DESCRIPTION | |
| Extent | xvi, 297 p. ; |
| Dimensions | 22 cm. |
| 504 ## - BIBLIOGRAPHY, ETC. NOTE | |
| Bibliography, etc. note | Includes bibliographical references. |
| 505 0# - FORMATTED CONTENTS NOTE | |
| Formatted contents note | Finding a voice: women at three moments of British peace activism -- War resistance and pacifist revolution -- Legitimate disobedience: an anti-militarist movement in Spain -- Midlands city: faiths and philosophies together for Palestine -- Saying no to NATO: divergent strategies -- Seeing the whole picture: anti-militarism in Okinawa and Japan -- A state of peace: movements to reunify and demilitarize Korea -- Guns and bodies: armed conflict and domestic violence -- Towards a different common sense. |
| 650 #0 - SUBJECT ADDED ENTRY--TOPICAL TERM | |
| Topical term or geographic name entry element | Peace movements |
| General subdivision | History |
| Chronological subdivision | 20th century. |
| 650 #0 - SUBJECT ADDED ENTRY--TOPICAL TERM | |
| Topical term or geographic name entry element | Women and peace |
| General subdivision | History |
| Chronological subdivision | 20th century. |
| 650 #0 - SUBJECT ADDED ENTRY--TOPICAL TERM | |
| Topical term or geographic name entry element | Peace movements |
| Form subdivision | Case studies. |
| 650 #0 - SUBJECT ADDED ENTRY--TOPICAL TERM | |
| Topical term or geographic name entry element | Militarism |
| General subdivision | History |
| Chronological subdivision | 20th century. |
| 650 #0 - SUBJECT ADDED ENTRY--TOPICAL TERM | |
| Topical term or geographic name entry element | Feminism |
| General subdivision | Political aspects |
| -- | History |
| Chronological subdivision | 20th century. |
| 906 ## - LOCAL DATA ELEMENT F, LDF (RLIN) | |
| a | 7 |
| b | cbc |
| c | orignew |
| d | 1 |
| e | ecip |
| f | 20 |
| g | y-gencatlg |
| 942 ## - ADDED ENTRY ELEMENTS (KOHA) | |
| Source of classification or shelving scheme | |
| Koha item type | Book |
| Withdrawn status | Lost status | Damaged status | Not for loan | Collection code | Permanent Location | Current Location | Shelving location | Date acquired | Total Checkouts | Full call number | Barcode | Date last seen | Price effective from | Koha item type |
|---|---|---|---|---|---|---|---|---|---|---|---|---|---|---|
| Centre for International Peace & Stability (CIPS) | Centre for International Peace & Stability (CIPS) | General Stacks | 10/01/2013 | 303.66 COC 2012 | CIPS0001158 | 10/24/2013 | 10/24/2013 | Book |
